10 największych miast we Francji - Statystyki

Ogólne statystyki
  • Ten quiz został rozwiązany 661 razy
  • Średni wynik to 6 z 10
Statystyki odpowiedzi
Liczba ludności % ludności Miasto % Poprawnych
2 187 526 3,3% Paryż
100%
863 310 1,3% Marsylia
94%
516 092 0,8% Lyon
90%
340 017 0,5% Nicea
67%
254 436 0,4% Bordeaux
61%
232 787 0,3% Lille
54%
280 966 0,4% Strasburg
49%
479 553 0,7% Tuluza
49%
309 346 0,5% Nantes
43%
285 121 0,4% Montpellier
31%
Nie znaleziono quizów pasujących do podanych kryteriów
Rozkład punktacji
Procent ludzi z każdym wynikiem
Percentyl według liczby udzielonych odpowiedzi
Twoja historia wyników
Nie rozwiązałeś tego quizu